| 000 | 00672nam a22001817a 4500 | ||
|---|---|---|---|
| 003 | BD-DhUL | ||
| 005 | 20160830103033.0 | ||
| 008 | 160830b2000 bg ||||| |||| 000 0 ben d | ||
| 040 |
_aBD-DhUL _cBD-DhUL |
||
| 082 |
_a920.95492 _bASB |
||
| 100 | _aআশরাফ, রিটা | ||
| 245 |
_aবাংলাদেশের স্বাধীনতা আনলো যাঁরা / _cরিটা আশরাফ |
||
| 260 |
_aঢাকা : _bশিখা, _c২০০০. |
||
| 300 |
_a ৩৬৬ পৃ. : . _bচিত্র ; _c২২ সেমি. |
||
| 650 | _aইতিহাস-বাংলাদেশ | ||
| 650 | _aHistory - Bangladesh. | ||
| 942 |
_2ddc _cBK |
||
| 999 |
_c102723 _d102723 |
||